| 000 | 00603nam a2200205Ia 4500 | ||
|---|---|---|---|
| 003 | IN-BaIIA | ||
| 008 | 211028s9999 xx 000 0 eng d | ||
| 020 | _a978-81-224-0503-3 | ||
| 040 | _cIIA Library | ||
| 080 |
_a621.337.1 _bGOP |
||
| 100 |
_aGopal, M. _99199 |
||
| 245 | 0 |
_aModern control system theory _cM. Gopal |
|
| 250 | _a2nd ed. | ||
| 260 |
_aNew Delhi _bNew Age International _c2009 |
||
| 300 | _axx, 688p. | ||
| 650 |
_aControl systems engineering _917560 |
||
| 650 |
_aElectrical engineering _91774 |
||
| 650 | _aNASA Thesaurus | ||
| 942 | _cBK | ||
| 999 |
_c10335 _d10335 |
||